| 000 | 00758cab a2200265 4500 | ||
|---|---|---|---|
| 001 | ABS56051 | ||
| 008 | 090401t1996 xxu||||| |||| 00| 0 eng d | ||
| 035 | _a(Sirsi) u20726 | ||
| 041 | _aeng | ||
| 100 | _aCronin, S. | ||
| 245 | _aBosnia rebuilds | ||
| 260 | _c1996 | ||
| 350 | _a0 | ||
| 490 |
_aConstruction News _vSupplement (6487) 17 October 1996, I-VIII(7) |
||
| 520 | _aExamines the plans for reconstruction in Bosnia and the part British firms can play. List of useful contacts in UK and Bosnia. | ||
| 650 | _aAMEC | ||
| 650 | _aBOSNIA | ||
| 650 | _aDAYTON AGREEMENT | ||
| 650 | _aGAS | ||
| 650 | _aOVERSEAS DEVELOPMENT ADMINISTRATION | ||
| 650 | _aRECONSTRUCTION | ||
| 690 | _aOVERSEAS-EUROPE | ||
| 942 | _n0 | ||
| 948 | _c04/03/1997 | ||
| 999 |
_c13886 _d13886 |
||